• 首页
  • 本馆介绍
  • 公告通知
  • 最新文献
  • 馆藏检索
  • 电子资源
  • 读者导购
  • 参考咨询
  • 我的图书馆
  • 登录
  • 详细信息显示
  • 放入我的书架
  • 预约/预借图书
  • 作者相关作品
  • 分类相关作品
  • 丛书相关作品
  • 出版社相关作品

书目信息

  • 表格格式
  • 工作单格式
  • 卡片格式
题名:
思想道德修养与法律基础辅学教程
    
 
作者: 吴亚娥 , 黄琴 , 贾敏 主编
分册:  
出版信息: 北京   国家行政学院出版社  2019
页数: 187页
开本: 26cm
丛书名:
单 册:
中图分类: G641.6 , D920.4
科图分类:
主题词: 思想修养--高等学校--教学参考资料 , 法律--中国--高等学校--教学参考资料
电子资源:
ISBN: 978-7-5150-2300-7
000 01071nam0 2200289 450
001 012001006201
005 20131016085249.0
010    @a978-7-5150-2300-7@dCNY36.00
100    @a20190725d2019 em y0chiy50 ea
101 0  @achi
102    @aCN@b110000
105    @ay z 000yy
106    @ar
200 1  @a思想道德修养与法律基础辅学教程@9si xiang dao de xiu yang yu fa lv ji chu fu xue jiao cheng@b专著@f吴亚娥,黄琴,贾敏主编
210    @a北京@c国家行政学院出版社@d2019
215    @a187页@d26cm
300    @a普通高等教育“十三五”规划精品教材 “互联网+”高校思政教育立体化精品教材
330    @a本书内容包括绪论、人生的青春之问、坚定理想信念、弘扬中国精神、践行社会主义核心价值观、明大德守公德严私德、尊法学法守法用法七部分内容。
606 0  @a思想修养@x高等学校@j教学参考资料
606 0  @a法律@y中国@x高等学校@j教学参考资料
690    @aG641.6@v5
690    @aD920.4@v5
701  0 @a吴亚娥@9wu ya e@4主编
701  0 @a黄琴@9huang qin@4主编
701  0 @a贾敏@9jia min@4主编
801  2 @aCN@b上海新华@c20191020
905    @b1099109-12@dG641.6@e1094@f4
    
    思想道德修养与法律基础辅学教程/吴亚娥,黄琴,贾敏主编.-北京:国家行政学院出版社,2019
    187页;26cm
    普通高等教育“十三五”规划精品教材 “互联网+”高校思政教育立体化精品教材
    
    ISBN 978-7-5150-2300-7:CNY36.00
    本书内容包括绪论、人生的青春之问、坚定理想信念、弘扬中国精神、践行社会主义核心价值观、明大德守公德严私德、尊法学法守法用法七部分内容。
●
相关链接 在E读中查询图书 在五车中查询图书 在当当中查询图书 在豆瓣中查询图书


正题名:思想道德修养与法律基础辅学教程     索取号:G641.6/1094         预约/预借

序号 登录号 条形码 馆藏地/架位号 状态 备注
1 1099109   210991097   第一样本阅览室/ [索取号:G641.6/1094] 在馆    
2 1099110   210991104   第四借阅区/ [索取号:G641.6/1094] 在馆    
3 1099111   210991113   第四借阅区/ [索取号:G641.6/1094] 在馆    
4 1099112   210991122   第四借阅区/ [索取号:G641.6/1094] 在馆    
唐山师范学院图书馆 欢迎您!
大连网信软件有限公司© 版权所有